| 000 | 00000nam 2200000za 4500 |
| 001 | 9.642886 |
| 003 | CaOODSP |
| 005 | 20210624223920 |
| 007 | cr ||||||||||| |
| 008 | 150407s2014 onc|||||o f|0| 0 fre d |
| 020 | |a978-0-660-21813-7 |
| 040 | |aCaOODSP|bfre |
| 043 | |an-cn--- |
| 086 | 1 |aCW66-380/2014F-PDF |
| 110 | 2 |aService canadien de la faune. |
| 245 | 10|aRéserve nationale de faune de Qaqulluit |h[ressource électronique]. |
| 260 | |aOttawa : |bEnvironnement Canada, |cc2014. |
| 300 | |a1 p. : |bphotographies. |
| 530 | |aPubl. aussi en format HTML. |
| 590 | |a15-11|b2015-03-13 |
| 691 | 07|aGestion de la faune|2gcpds |
| 691 | 07|aAire de conservation|2gcpds |
| 775 | 08|tQaqulluit National Wildlife Area |w(CaOODSP)9.698903 |
| 775 | 08|tRéserve nationale de faune de Qaqulluit |w(CaOODSP)9.807565 |
| 776 | 0#|tRéserve nationale de faune de Qaqulluit.|w(CaOODSP)9.828367 |
| 856 | 40|ahttp://publications.gc.ca|qPDF|s454 Ko|uhttps://publications.gc.ca/collections/collection_2015/ec/CW66-380-2014-fra.pdf |
| 856 | 40|qHTML|sS.O.|uhttps://www.canada.ca/fr/environnement-changement-climatique/services/reserves-nationales-faune/existantes/qaqulluit/depliant.html |